00362nam a2200133Ia 4500008004100000041001200041082001600053100001600069245006700085260003200152300000800184650001800192700001800210221030s9999 xx 000 0 und d aEnglish a105.23bSin aB. P. Singh 0aOrganisation Theory & Behaviourcby B. P. Singh, T. N. Chhabra bDhanpat Rai PubaDelhic792 a792 aBE Management aT. N. Chhabra